| Tag |
First Indicator |
Second Indicator |
Subfields |
| LEADER |
00000cam a2200000Ki 4500 |
| 001 |
in00003521139 |
| 005 |
20190407115232.0 |
| 006 |
m o d |
| 007 |
cr cnu---unuuu |
| 008 |
150105s2015 enk ob 001 0 eng d |
| 035 |
|
|
|a (OCoLC)ocn899211092
|
| 040 |
|
|
|a UKPGM
|b eng
|e rda
|e pn
|c UKPGM
|d OCLCO
|d TXA
|
| 020 |
|
|
|a 9781137433206 (electronic bk.)
|
| 020 |
|
|
|a 1137433205 (electronic bk.)
|
| 035 |
|
|
|a (OCoLC)899211092
|
| 037 |
|
|
|a 764485
|b Palgrave Macmillan
|n http://www.palgraveconnect.com
|
| 050 |
|
4 |
|a HD60
|b .T744 2015eb
|
| 082 |
0 |
4 |
|a 658.4/08
|2 23
|
| 049 |
|
|
|a TXAM
|
| 245 |
0 |
4 |
|a The true value of CSR :
|b corporate identity and stakeholder perceptions /
|c edited by Barbara Fryzel.
|
| 264 |
|
1 |
|a Houndmills, Basingstoke, Hampshire ;
|a New York, NY :
|b Palgrave Macmillan,
|c 2015.
|
| 300 |
|
|
|a 1 online resource (xvii, 301 pages)
|
| 336 |
|
|
|a text
|b txt
|2 rdacontent
|
| 337 |
|
|
|a computer
|b c
|2 rdamedia
|
| 338 |
|
|
|a online resource
|b cr
|2 rdacarrier
|
| 504 |
|
|
|a Includes bibliographical references and index.
|
| 588 |
|
|
|a Description based on print version record.
|
| 505 |
0 |
|
|a 1. The Meaning Of Responsibility In Organizations. Some Reflections. -- 1.1. What Does It Mean CSR?, Prof. Dr. Rafael Alvira -- 1.2. Corporate Social Responsibility: Some Clarifications And Questions, Prof Leszek Balcerowicz -- 1.3. CSR: Between Management Strategy And A New Paradigm Of Thought, Prof Janina Filek -- 1.4. The Stakeholder Organization Theory And Its Systemic Foundation Revisited, Prof Wojciech W. Gasparski -- 2. A Market For CSR. Forming Identities And Behaviours -- 2.1. Identity, Responsibility And Corporate Personhood, Dr Paul Griseri -- 2.2. Dimensions Of CSR Identity, Dr Nina Seppala, Regent's University London, Dr Barbara Fryzel -- 2.3. The Social Construction Of CSR's Identity In Management Consulting , Stephanos Avakian -- 2.4. The Relationship Between CSR Communication And Corporate Reputation In The Credit Lending Process. A Qualitative Study Based On Italian Banks, Dr Rita Lamboglia, Dr Giuseppe d'Onza -- 3. Capitalist Economy And CSR ₆ Contradictions And Inconsistencies? -- 3.1. Fraud, Corruption And CSR. Hands-On Account Of A Fraud Investigator, Mariusz Witalis -- 3.2. Corporate Social Responsibility, Inequality And Corporate Governance, Prof Peter Abell, Prof Ofer Engel, Dr Henry P. Wynn -- 3.3. Actions Speak Louder Than Words: Competitive Conduct Vs CSR Policy, Dr A. Vindelyn Smith-Hillman -- 3.4. The Capitalist Economy And CSR: Contradictions And Inconsistencies -- From CSR To Business In Development, Peter Davis -- 3.5. Regulatory Roadblocks To Environmental Sustainability, L̀szl̤ Fekete -- 3.6. The Dichotomy Of Values Vs. Rules In Anti-Corruption Law, Jean Pierre Mean -- 4. Responsible Business And Behavioural Patterns -- 4.1. Business And Society: Collective And Individual Corporate Social Responsibility, Richard Pettinger -- 4.2. Standards: A Behavioural Approach To Management, Richard Pettinger -- 4.3. How Can Neuroeconomics Unravel CSR?, Dr Jang Park.
|
| 520 |
|
|
|a "By considering the importance of Corporate Social Responsibility (CSR) as a business paradigm but also as a growing scepticism about it's outcomes, The True Value of CSR answers questions about true value behind this concept, motivations of firms embedding CSR in their core strategies and a capacity of CSR to make a real difference on the market.The presented papers and essays discuss why CSR fails by not preventing organizations from the risk of fraud or wrongdoing or why it is often accused of being an instrument of organizational PR policies. The book puts forward theoretical, empirical and practical contributions from authors coming from various fields such as economics, philosophy, management or law dealing with questions including but not limited to CSR capacity to build organizational identity, CSR perceptions and behaviours it can generate or it's role in market settings. The authors, while presenting various approaches, empirical, theoretical or practice based reflections build a well balanced picture of CSR - a biased concept grounded in semantic emotionality of its 'social' component, which legitimacy and effectiveness depends on the institutional setting of relations between market and state"--
|c Provided by publisher.
|
| 650 |
|
0 |
|a Social responsibility of business.
|
| 650 |
|
0 |
|a Corporate image.
|
| 650 |
|
7 |
|a BUSINESS & ECONOMICS / Business Ethics.
|2 bisacsh
|
| 650 |
|
7 |
|a BUSINESS & ECONOMICS / International / General.
|2 bisacsh
|
| 650 |
|
7 |
|a BUSINESS & ECONOMICS / Management.
|2 bisacsh
|
| 650 |
|
7 |
|a BUSINESS & ECONOMICS / Leadership.
|2 bisacsh
|
| 655 |
|
7 |
|a Electronic books.
|2 local
|
| 700 |
1 |
|
|a Fryzel, Barbara,
|e editor.
|
| 710 |
2 |
|
|a Palgrave Connect (Online service)
|
| 776 |
0 |
8 |
|i Print version:
|t True value of CSR
|z 9781137433183
|w (DLC) 2014029182
|w (OCoLC)881859261
|
| 856 |
4 |
0 |
|u http://proxy.library.tamu.edu/login?url=http://www.palgraveconnect.com/doifinder/10.1057/9781137433206
|z Connect to the full text of this electronic book
|t 0
|
| 994 |
|
|
|a C0
|b TXA
|
| 948 |
|
|
|a cataloged
|b h
|c 2015/2/13
|d c
|e jlanham
|f 12:28:46 pm
|
| 999 |
f |
f |
|s 31356295-6ed1-39f3-b1ab-c2d3acd6858e
|i 2472584f-5202-3e3f-8522-e741a959dcf6
|t 0
|
| 952 |
f |
f |
|a Texas A&M University
|b College Station
|c Electronic Resources
|d Available Online
|t 0
|e HD60 .T744 2015eb
|h Library of Congress classification
|
| 998 |
f |
f |
|a HD60 .T744 2015eb
|t 0
|l Available Online
|